| 000 | 00000nam##2200000za#4500 |
| 001 | 9.695931 |
| 003 | CaOODSP |
| 005 | 20210624234813 |
| 007 | cr ||||||||||| |
| 008 | 150407|1996||||xxc|||||o f|0| 0 eng|d |
| 040 | |aCaOODSP|beng |
| 043 | |an-cn--- |
| 086 | 1 |aSN3-227/1-1996E-PDF |
| 110 | 1 |aCanada.|bNational Library of Canada. |
| 245 | 14|aThe accessible Canadian library II : |h[electronic resource]|bA resource tool for librarians serving persons with disabilities / |cby Wendy Scott with the assistance of Ann Archer. |
| 260 | |aOttawa - Ontario : |bNational Library of Canada |c1996. |
| 300 | |a104p.|breferences, tables |
| 500 | |aThe catalogue number (SN3-227/1-1996) and ISBN (0-660-66057-9) for the bilingual print edition have been incorrectly copied in this electronic publication. |
| 590 | |a12-15-Supp|b2012-04-13 |
| 720 | 1 |aScott, Wendy |
| 720 | 1 |aArcher, Ann |
| 775 | 08|tLa bibliothèque canadienne accessible II : |w(CaOODSP)9.640051 |
| 776 | 0#|tThe accessible Canadian library II : |w(CaOODSP)9.658835 |
| 776 | 0#|tLa bibliothèque canadienne accessible II : |w(CaOODSP)9.658836 |
| 856 | 40|ahttp://publications.gc.ca|qPDF|s322 KB|uhttps://publications.gc.ca/collections/Collection/SN3-227-1-1996E.pdf |